[Event "40th Olympiad Open"]
[Site "Istanbul TUR"]
[Date "2012.09.01"]
[Round "5.68"]
[White "Lima,Osvaldo Dos Santos"]
[Black "Shiau,S"]
[Result "1/2-1/2"]
[WhiteElo "1719"]
[BlackElo "1788"]

1.c4 c6 2.Nc3 d5 3.cxd5 cxd5 4.d4 Nc6 5.Nf3 Nf6 6.g3 g6 7.Bg2 Bg7 8.O-O O-O
9.e3 e6 10.b3 a6 11.Bb2 b5 12.Rc1 Bb7 13.Ne1 Nd7 14.Nd3 Qe7 15.a3 Na5 16.b4 Nc4
17.Qc2 Ndb6 18.Nc5 Bc6 19.Rcd1 f5 20.Bc1 Rfc8 21.Rfe1 Rd8 22.f4 Rdb8 23.Bf3 h5
24.Qg2 Kf7 25.Qe2 Rh8 26.h4 Bf6 27.Qg2 Rhd8 28.Qe2 Rh8 29.Nb1 Kg7 30.Nd2 Nxd2
31.Qxd2 Nc4 32.Qf2 Rhc8  1/2-1/2

[Event "40th Olympiad Open"]
[Site "Istanbul TUR"]
[Date "2012.09.01"]
[Round "5.37"]
[White "Galego,L"]
[Black "Kojima,S"]
[Result "1-0"]
[WhiteElo "2495"]
[BlackElo "2282"]

1.c4 c6 2.Nf3 d5 3.e3 Nf6 4.b3 Bg4 5.Bb2 e6 6.h3 Bh5 7.Be2 Nbd7 8.O-O Bd6
9.d3 O-O 10.Nbd2 Qe7 11.a3 a5 12.Re1 Rfd8 13.Qc2 e5 14.e4 dxe4 15.dxe4 Bg6
16.Nh4 Nf8 17.Bf1 Bc5 18.Ndf3 N6d7 19.Nf5 Bxf5 20.exf5 f6 21.Re4 Nb6 22.h4 Nc8
23.Ree1 Nd6 24.Bc3 e4 25.Nd4 Bxd4 26.Bxd4 Nxf5 27.Bb6 Re8 28.f3 Ng3 29.Bf2 Qc7
30.Bxg3 Qxg3 31.Rxe4 Rxe4 32.Qxe4 Ng6 33.Qe6+ Kh8 34.h5 Nf4 35.Qd7 Qg5 36.Rd1 h6
37.Rd4 Qe5 38.Re4 Qc5+ 39.Qd4 Ne6 40.Qf2 Qxf2+ 41.Kxf2 Nc5 42.Re7 Nxb3 43.Rxb7 a4
44.Rc7 c5 45.Bd3 Kg8 46.Be4  1-0

[Event "40th Olympiad Open"]
[Site "Istanbul TUR"]
[Date "2012.09.01"]
[Round "5.25"]
[White "Wohl,A"]
[Black "Bwalya,Gillan"]
[Result "0-1"]
[WhiteElo "2411"]
[BlackElo "2256"]

1.c4 c6 2.e4 d6 3.d4 Nf6 4.Nc3 Nbd7 5.Nf3 e5 6.Be2 Be7 7.O-O O-O 8.Rb1 Qc7
9.b4 Re8 10.d5 c5 11.a3 b6 12.Ne1 Nf8 13.bxc5 bxc5 14.Nd3 a6 15.Bd2 Bd8 16.g3 Ng6
17.Bf3 Ra7 18.Qa4 Rf8 19.Bg2 Nd7 20.Qc2 Ne7 21.f4 exf4 22.gxf4 Ng6 23.e5 dxe5
24.Ne4 Be7 25.fxe5 Ndxe5 26.Nxe5 Qxe5 27.Bc3 Qh5 28.d6 Bh4 29.Qd3 Be6 30.Bf3 Bg4
31.Bxg4 Qxg4+ 32.Kh1 Rc8 33.Rb2 Qe6 34.Re2 Qd7 35.Qd5 Qh3 36.Qf5 Qxf5 37.Rxf5 Rd7
38.Rb2 Bd8 39.Rd2 Bb6 40.Rb2 Rc6 41.a4 h6 42.a5 Ba7 43.Be1 Rc8 44.Bg3 Nf8
45.Nc3 Ne6 46.Nd5 Rb8 47.Ne7+ Kf8 48.Rxb8+ Bxb8 49.Nc6 Bxd6 50.Rd5 Bxg3 51.Rxd7 Bc7
52.Kg2 Ke8 53.Rd2 h5 54.Kf3 Ng5+ 55.Ke3 g6 56.h4 Ne6 57.Ke4 Kf8 58.Rb2 f5+
59.Kf3 Ke8 60.Rd2 g5 61.hxg5 Nxg5+ 62.Kg2 h4 63.Re2+ Kf8 64.Ne7 h3+ 65.Kh1 f4
66.Ng6+ Kf7 67.Re7+ Kxg6 68.Rxc7 f3 69.Rc6+ Kf5 70.Rxc5+ Kf4 71.Rc8 f2 72.Rf8+ Kg3
73.Rxf2 Kxf2 74.Kh2 Kf3 75.c5 Kg4 76.c6 Ne6 77.Kh1 Kf4  0-1

[Event "11th Kesarovski-Stanchev Mem"]
[Site "Sunny Beach BUL"]
[Date "2012.09.01"]
[Round "1.51"]
[White "Zakharchenko,A"]
[Black "Vasilev,Martin"]
[Result "1-0"]
[WhiteElo "2196"]
[BlackElo "1713"]

1.c4 c6 2.e4 d5 3.exd5 cxd5 4.d4 Nf6 5.Nc3 e6 6.Nf3 Nc6 7.cxd5 Nxd5 8.Bd3 Bb4
9.Bd2 h6 10.O-O O-O 11.Rc1 Nxc3 12.bxc3 Ba3 13.Rb1 e5 14.Be3 Qc7 15.Nxe5 Nxe5
16.dxe5 Rd8 17.Bd4 Be6 18.Qf3 b6 19.Qe4 g6 20.Qe3 h5 21.f4 Bf5 22.Bxf5 gxf5
23.Qg3+ Kf8 24.Qg5 Bc5 25.Qxh5  1-0

[Event "37th Trade Fair Open A"]
[Site "Brno CZE"]
[Date "2012.09.02"]
[Round "9"]
[White "Cip,D"]
[Black "Straka,V"]
[Result "0-1"]
[WhiteElo "2107"]
[BlackElo "2286"]

1.c4 c6 2.Nc3 d5 3.cxd5 cxd5 4.d4 Nf6 5.Bf4 Nc6 6.e3 Bg4 7.Nf3 e6 8.Bd3 Bd6
9.Bg3 a6 10.Rc1 O-O 11.O-O Rc8 12.Re1 Na5 13.Qe2 Nc4 14.Red1 Bxg3 15.hxg3 Nd6
16.Qc2 b5 17.Qb3 Rb8 18.Re1 Nc4 19.Qc2 Rc8 20.b3 Bxf3 21.gxf3 Na5 22.Qd2 Qb6
23.Ne2 Nc6 24.Kg2 Qa5 25.Qxa5 Nxa5 26.Rxc8 Rxc8 27.Rc1 Rxc1 28.Nxc1 Nd7 29.Kf1 Kf8
30.Ke2 Ke7 31.Kd2 Nb6 32.Kc3 Kd6 33.f4 h6 34.Be2 f6 35.Nd3 Nb7 36.a3 a5 37.Nb2 Kc6
38.Nd3 Kd6 39.Bh5 Nd7 40.Be8 Ke7 41.Bxd7 Kxd7 42.Nc5+ Nxc5 43.dxc5 h5 44.b4 g5
45.Kd3 axb4 46.axb4 h4 47.gxh4 gxh4 48.Ke2 e5 49.fxe5 fxe5 50.f4 exf4 51.exf4 h3
52.Kf2 h2 53.Kg2 d4  0-1

[Event "11th Kesarovski-Stanchev Mem"]
[Site "Sunny Beach BUL"]
[Date "2012.09.02"]
[Round "2.11"]
[White "Berezovics,A"]
[Black "Fiebig,T"]
[Result "1/2-1/2"]
[WhiteElo "2199"]
[BlackElo "2414"]

1.c4 c6 2.Nf3 d5 3.b3 Nf6 4.Bb2 Bg4 5.d3 Nbd7 6.Nbd2 e6 7.g3 Bd6 8.Bg2 Qe7
9.O-O O-O 10.Qc2 a5 11.e4 dxe4 12.dxe4 e5 13.h3 Bxf3 14.Nxf3 Rfd8 15.Nh4 g6
16.Rad1 Nh5 17.Qe2 Ng7 18.Bc1 a4 19.Bh6 Bc5 20.Qg4 Nf6 21.Qg5 Nfe8 22.Qg4 Qe6
23.Qe2 a3 24.Kh2 Be7 25.Nf3 Rxd1 26.Rxd1 Rd8 27.h4 Rxd1 28.Qxd1 Bc5 29.Qe1 Qd6
30.Bd2 Nf6 31.Bh3 Qd3 32.Nxe5 Qc2 33.b4 Bd6 34.Ng4 Nxe4 35.Qxe4 Qxd2 36.c5 Bf8
37.Qf4 Qxf4 38.gxf4 Nh5 39.Ne3 f5 40.Nc4 Nxf4 41.Nxa3 Nd3 42.Nc2 Nxf2 43.Bf1 Kf7
44.Bc4+ Kf6 45.Nd4 Be7 46.a4 Ke5 47.Nxc6+ bxc6 48.a5 Bd6 49.cxd6 Kxd6 50.Kg3 Ne4+
51.Kf4 Kc7 52.Ke5 h6 53.Bf7 g5 54.hxg5 hxg5 55.Be6 Nd6 56.Bxf5 c5 57.bxc5 Nc4+  1/2-1/2

[Event "40th Olympiad Open"]
[Site "Istanbul TUR"]
[Date "2012.09.03"]
[Round "6.35"]
[White "Jere,D"]
[Black "Megaranto,S"]
[Result "0-1"]
[WhiteElo "2382"]
[BlackElo "2529"]

1.c4 c6 2.g3 d5 3.Bg2 Nf6 4.Nf3 Bg4 5.Ne5 Bh5 6.cxd5 Nxd5 7.Nc3 e6 8.O-O Nd7
9.Nf3 Be7 10.d4 O-O 11.e4 N5f6 12.h3 Qb6 13.Rb1 Rfd8 14.Be3 Qa5 15.Qc2 c5
16.Rfd1 cxd4 17.Rxd4 Bxf3 18.Bxf3 Ne5 19.Bg2 Rxd4 20.Bxd4 Nc6 21.Be3 Bc5
22.Bxc5 Qxc5 23.Qb3 Rb8 24.Na4 Qa5 25.Rc1 Nd4 26.Qd1 Rd8 27.Nc3 h5 28.Qd3 Nb3
29.Qc2 Nxc1 30.Qxc1 Qc5 31.e5 Qxe5 32.Bxb7 Qd4 33.Bg2 Qd2 34.Qb1 Rb8 35.Na4 h4
36.g4 Rb4 37.b3 Rf4 38.Qf1 Qxa2 39.Nc5 Qc2 40.Nd3 Rd4 41.Ne1 Qxb3 42.Qe2 Qd1
43.Qe5 Nd7 44.Qa5 Nb6 45.Bf3 Qd2 46.Qa1 Rc4 47.Kf1 Rc1 48.Qe5 Nc4  0-1

[Event "World Youth U16 Olympiad 2012"]
[Site "Istanbul TUR"]
[Date "2012.09.03"]
[Round "8.18"]
[White "Kargaci,Humeyra"]
[Black "McCusker,Andrew"]
[Result "0-1"]
[WhiteElo "1514"]
[BlackElo "1659"]

1.c4 c6 2.Nc3 Nf6 3.Nf3 d5 4.cxd5 cxd5 5.d4 Nc6 6.Bf4 a6 7.e3 Bf5 8.Bd3 Bxd3
9.Qxd3 e6 10.O-O Be7 11.h3 O-O 12.Rac1 Rc8 13.Rfd1 b5 14.a3 Na5 15.Ne5 Nd7
16.Nxd7 Qxd7 17.Ne2 Nc4 18.Qb1 Rc6 19.Bh2 Rfc8 20.Nf4 Nd2 21.Rxc6 Nxb1 22.Rxc8+ Qxc8
23.Rxb1 Qc2 24.Rf1 Qxb2 25.Nd3 Qxa3 26.Rc1 h6 27.Rc8+ Kh7 28.Rc7 Qxd3 29.Bg3 Qa3
30.Kh2 Bd6 31.Rxf7 Bxg3+ 32.Kxg3 Qd6+ 33.Kf3 Qb6 34.h4 b4 35.Rf4 b3 36.h5 b2
37.Rg4 b1=Q 38.Kg3 Qd6+ 39.Kf3 Qd1+  0-1

[Event "US Chess League 2012"]
[Site "ICC INT"]
[Date "2012.09.04"]
[Round "1"]
[White "Kekelidze,M"]
[Black "Zierk,S"]
[Result "1-0"]
[WhiteElo "2488"]
[BlackElo "2475"]

1.c4 c6 2.Nf3 Nf6 3.g3 d5 4.Bg2 e6 5.d4 Nbd7 6.O-O Bd6 7.Nc3 b6 8.Nd2 Bb7
9.e4 dxe4 10.Ndxe4 Be7 11.Qe2 Nxe4 12.Nxe4 Nf6 13.Rd1 O-O 14.Bf4 Nxe4 15.Bxe4 Bf6
16.c5 Bxd4 17.Bd6 Qf6 18.Bxh7+ Kxh7 19.Bxf8 e5 20.Bd6 Kg8 21.Re1 Re8 22.Qc2 e4
23.Bf4 Bxc5 24.Rad1 Qe6 25.a3 a5 26.Be3 Bxe3 27.fxe3 Ba6 28.b4 axb4 29.axb4 Bd3
30.Qc3 Qh6 31.Qd4 b5 32.Ra1 Re6 33.Ra8+ Kh7 34.Qd8 Kg6 35.Qh8 Qg5 36.Qh3 Rf6
37.Rh8 Rf3 38.Qh7+ Kf6 39.Qh4 Qxh4 40.Rxh4 Ke5 41.Rf4 Rxf4 42.gxf4+ Kd5 43.Rc1 Bc4
44.Kf2 c5 45.bxc5 Kxc5 46.Ke1 Kd5 47.Kd2 Ke6 48.Kc3 g6 49.Rg1 Bd3 50.Rg5 Kf6
51.h4 Ke6 52.Kb4 Kf6 53.Kc5 Ke6 54.h5 gxh5 55.Rxh5 f6 56.Rd5 Kf7 57.f5 Kg7
58.Rd6 Be2 59.Kd5 b4 60.Rb6 Bd3 61.Rb7+ Kh6 62.Ke6 Kg5 63.Rg7+ Kh4 64.Kxf6 b3
65.Rb7 Kg3 66.Ke5 Kf3  1-0

[Event "40th Olympiad Women"]
[Site "Istanbul TUR"]
[Date "2012.09.04"]
[Round "7.25"]
[White "Amura,C"]
[Black "Sultana,S"]
[Result "0-1"]
[WhiteElo "2351"]
[BlackElo "2002"]

1.c4 c6 2.e4 e5 3.Nc3 Nf6 4.Nf3 Qc7 5.d4 d6 6.h3 Be7 7.Be2 h6 8.Be3 Nbd7
9.Qd2 a5 10.Nh2 Nf8 11.Nf1 exd4 12.Bxd4 Ne6 13.Be3 Nc5 14.Ng3 Be6 15.f4 Rd8
16.Rd1 O-O 17.Bd4 d5 18.cxd5 cxd5 19.Nb5 Qc6 20.f5 Nfxe4 21.Qf4 Bg5 22.Qg4 Nxg3
23.Qxg3 Ne4 24.Qg4 Bxf5 25.Qxf5 Bh4+ 26.g3 Nxg3 27.Qg4 Nxe2+ 28.Kxe2 Qxb5+
29.Kf3 Bg5 30.h4 f5 31.Qg2 Bf6 32.Rhg1 Bxd4 33.Rxd4 Rf7 34.Qd2 b6 35.h5 Re7
36.b4 a4 37.Rd1 Qe8 38.Rh1 Qf7 39.Qc2 Rde8 40.Rd3 Qf6 41.Qc1 b5 42.Qc5 Qb2
43.Qxd5+ Kh8 44.Qxf5 Qe2+ 45.Kg3 Re3+ 46.Rxe3 Rxe3+ 47.Kh4 Re4+ 48.Kg3 Qd3+  0-1

[Event "World Youth U16 Olympiad 2012"]
[Site "Istanbul TUR"]
[Date "2012.09.04"]
[Round "9.13"]
[White "Akhmetov,Ay"]
[Black "Melzer,Patrik"]
[Result "1/2-1/2"]
[WhiteElo "2252"]
[BlackElo "2108"]

1.c4 c6 2.g3 d5 3.Bg2 Nf6 4.Nf3 e6 5.O-O Nbd7 6.Qc2 Be7 7.b3 O-O 8.Bb2 a5
9.d3 a4 10.Nbd2 a3 11.Bc3 b5 12.cxb5 cxb5 13.b4 Ra4 14.Qb3 Bb7 15.Rac1 Qa8
16.Nd4 Qa6 17.Rfe1 Rc8 18.Nc2 e5 19.d4 e4 20.Nb1 Nb6 21.Bd2 Nc4 22.Red1 Nb2
23.Re1 Nc4 24.Red1 Nb2 25.Rf1 Nc4 26.Be1 Qb6 27.f3 Ra6 28.e3 exf3 29.Bxf3 Rca8
30.Bf2 Qe6 31.Ne1 Ne4 32.Rc2 Bg5 33.Ng2 Nxf2 34.Kxf2 Re8 35.Re2 Qh3 36.Rh1 Rae6
37.Qd3 Bxe3+ 38.Nxe3 Rxe3 39.Nc3 Rxe2+ 40.Nxe2 Re3 41.Qc2 Qe6 42.Nf4 Qf6
43.Qd1 g5 44.Nh5 Qf5 45.g4 Qd3 46.Qxd3 Rxd3 47.Re1 Kf8 48.Nf6 Kg7 49.Nh5+ Kf8
50.Nf6 Kg7 51.Nh5+ Kf8  1/2-1/2

[Event "11th Kesarovski-Stanchev Mem"]
[Site "Sunny Beach BUL"]
[Date "2012.09.04"]
[Round "4.58"]
[White "Jiruse,J"]
[Black "Petruzalek,R"]
[Result "1-0"]
[WhiteElo "1995"]
[BlackElo "1633"]

1.c4 c6 2.Nf3 d5 3.b3 Nf6 4.Bb2 e6 5.e3 Bd6 6.Be2 Nbd7 7.d4 b6 8.O-O Qc7
9.cxd5 cxd5 10.Ba3 Bxa3 11.Nxa3 a6 12.Rc1 Qd6 13.Nb1 O-O 14.Bd3 Ne4 15.Qc2 Ndf6
16.Ne5 Bd7 17.f3 Rfc8 18.Qb2 Rxc1 19.Rxc1 Ng5 20.h4 Nxf3+ 21.gxf3 Nh5 22.Qa3  1-0

[Event "40th Olympiad Open"]
[Site "Istanbul TUR"]
[Date "2012.09.05"]
[Round "8.25"]
[White "Nyback,T"]
[Black "Kazhgaleyev,M"]
[Result "1/2-1/2"]
[WhiteElo "2638"]
[BlackElo "2594"]

1.c4 c6 2.Nf3 d5 3.g3 Nf6 4.Bg2 g6 5.b3 Bg7 6.Bb2 O-O 7.O-O Bg4 8.d3 Bxf3
9.Bxf3 e6 10.Na3 Nbd7 11.Rb1 Qe7 12.Nc2 Rfd8 13.Qd2 Qd6 14.Ba3 Qc7 15.Bg2 h5
16.cxd5 exd5 17.Nd4 Re8 18.Nf3 Rad8 19.Bb2 Ng4 20.Bxg7 Kxg7 21.b4 Ndf6 22.Qb2 Qd6
23.e3 Re7 24.Qd4 a6 25.a4 Kg8 26.Qc5 Ne8 27.Rfc1 Nc7 28.Qxd6 Rxd6 29.Nd4 Ne5
30.Rc3 Ne6 31.Nxe6 fxe6 32.b5 cxb5 33.axb5 Rb6 34.Rcb3 Rxb5 35.Rxb5 axb5
36.d4 Nc4 37.Rxb5 Rc7 38.Bf1 Kf7 39.Bd3 g5 40.Kf1 Nd6 41.Rb6 Rc6 42.Rxc6 bxc6
43.Ke2 Kf6 44.Kd2 e5 45.Kc3 e4 46.Be2 h4 47.Kb4 Ke7 48.Bg4 Nb7 49.f3 hxg3
50.hxg3 Nd6 51.Kc5 exf3 52.Bxf3 Kd7 53.g4 Kc7 54.Bg2  1/2-1/2

[Event "40th Olympiad Open"]
[Site "Istanbul TUR"]
[Date "2012.09.05"]
[Round "8.16"]
[White "Gonzalez Zamora,J"]
[Black "Kindermann,S"]
[Result "1/2-1/2"]
[WhiteElo "2553"]
[BlackElo "2498"]

1.c4 c6 2.Nf3 d5 3.e3 Nf6 4.Nc3 a6 5.d4 b5 6.b3 Bg4 7.Be2 e6 8.h3 Bh5 9.O-O Nbd7
10.Bb2 Bd6 11.Ne5 Bxe2 12.Nxe2 bxc4 13.bxc4 O-O 14.Qc2 Qc7 15.Nd3 dxc4 16.Qxc4 Rfc8
17.Rac1 e5 18.dxe5 Nxe5 19.Bxe5 Bxe5 20.Rc2 Bh2+ 21.Kh1 Bd6 22.Rfc1 c5 23.Nc3 Qc6
24.Qa4 c4 25.Qxc6 Rxc6 26.Nd1 Rb8 27.Rxc4 Rxc4 28.Rxc4 Rb1 29.Rc1 Rxc1 30.Nxc1 Ne4
31.Kg1 f5 32.Kf1 Kf7 33.Ke2 Ke6 34.Nb3 Kd5 35.f3 Nc5 36.Nd2 Be5 37.g4 g6
38.Nf2 Na4 39.Kd3 Nc3 40.a3 Na4 41.gxf5 gxf5 42.Kc2 Bd6 43.Nd3 Bxa3 44.Nf4+ Kc6
45.Ne6 Bc5 46.Nf1 Kd6 47.Ng5 h5 48.h4 Ke5 49.Nh3 Nb6 50.Nf4 Nd5 51.Nd3+ Kd6
52.Kd2 Bb6 53.e4 fxe4 54.fxe4 Ne7  1/2-1/2

[Event "40th Olympiad Open"]
[Site "Istanbul TUR"]
[Date "2012.09.06"]
[Round "9.27"]
[White "Karttunen,M"]
[Black "Stojanovic,Da"]
[Result "1/2-1/2"]
[WhiteElo "2448"]
[BlackElo "2495"]

1.c4 c6 2.e4 g6 3.Nc3 Bg7 4.d4 d6 5.Be3 Nf6 6.f3 a6 7.Nge2 b5 8.cxb5 axb5
9.a4 bxa4 10.Nxa4 Ba6 11.Nac3 O-O 12.Nc1 Qb6 13.Qb3 Nfd7 14.Qxb6 Nxb6 15.Be2 Bxe2
16.Rxa8 Nxa8 17.Kxe2 Na6 18.Nd3 Rb8 19.Ra1 N8c7 20.Ra4 c5 21.dxc5 Nxc5 22.Bxc5 dxc5
23.e5 Ne6 24.Ne4 f6 25.f4 fxe5 26.fxe5 Nd4+ 27.Ke3 Nc6 28.Nexc5 Nxe5 29.b3 Nxd3
30.Kxd3 Be5 31.h3 Bd6 32.b4 Kf7 33.Na6 Rc8 34.b5 Rc1 35.Ra2 Rb1 36.Kc4 e6
37.Rc2 Ra1 38.Nc5 Ra8 39.Rd2 Ke7 40.Re2 e5 41.Kd5 Rc8 42.Ne4 Bb8 43.Nc5 Bd6
44.Nb7 Bb8 45.Na5 Rd8+ 46.Kc6 Ke6 47.b6 Bd6 48.Kb5 Rf8 49.Nc6 Rf1 50.Rb2 e4
51.b7 e3 52.Rb3 Kd7 53.Nd4 Rf2 54.Rxe3 Rxg2 55.Rd3 Bb8 56.Nc6+ Kc7 57.Nxb8 Kxb8
58.Rd8+ Kxb7 59.Rd7+ Kc8 60.Rxh7 Kd8 61.Kc6 Ke8 62.Kd6 Kf8 63.Ke6 Kg8 64.Rh4 Rf2
65.Ke5  1/2-1/2

[Event "40th Olympiad Women"]
[Site "Istanbul TUR"]
[Date "2012.09.06"]
[Round "9.44"]
[White "Jalloul,M"]
[Black "Barria,R"]
[Result "0-1"]
[WhiteElo "1923"]
[BlackElo "1946"]

1.c4 c6 2.Qa4 Nf6 3.Nc3 e6 4.Nf3 d5 5.d4 Nbd7 6.cxd5 exd5 7.Bf4 Be7 8.e3 O-O
9.Bd3 Re8 10.h3 c5 11.Nb5 Nb6 12.Qc2 c4 13.Be2 Bb4+ 14.Nc3 Ne4 15.O-O Bxc3
16.bxc3 Bf5 17.Rfc1 h6 18.Bd1 Qe7 19.a4 Nd7 20.Qb2 b6 21.Qb5 Qe6 22.a5 g5
23.Bh2 Nxf2 24.Ne5 Nxe5 25.dxe5 Nd3 26.Rc2 Nxe5 27.Rd2 Nd3 28.Re2 Bg6 29.Raa2 h5
30.Rad2 h4 31.Bc2 Bh5 32.Bxd3 Bxe2 33.Rxe2 cxd3 34.Qxd3 Rac8 35.axb6 axb6  0-1

[Event "40th Olympiad Open"]
[Site "Istanbul TUR"]
[Date "2012.09.06"]
[Round "9.71"]
[White "Ihsan,J"]
[Black "Cecchetti,Roberto"]
[Result "1/2-1/2"]
[WhiteElo "2143"]
[BlackElo "1910"]

1.c4 c6 2.d4 d5 3.Nc3 Nf6 4.Nf3 e6 5.Bg5 Nbd7 6.e3 Qa5 7.Bxf6 Nxf6 8.a3 dxc4
9.Bxc4 b5 10.Bd3 b4 11.axb4 Qxb4 12.Qd2 Be7 13.O-O O-O 14.Na4 Bd7 15.Qxb4 Bxb4
16.Rfc1 Rfc8 17.Ne5 Be8 18.Ba6 Rc7 19.Nd3 Bd6 20.Rc2 Rb8 21.Nac5 Nd5 22.Ra4 Nb6
23.Rb4 h6 24.e4 Bf8 25.f3 g6 26.Kf2 h5 27.g3 Be7 28.Rc3 Bf8 29.Rc2 Be7 30.Rc3 Bf8  1/2-1/2

[Event "9th LGA Premium Cup"]
[Site "Nuernberg GER"]
[Date "2012.09.06"]
[Round "1.52"]
[White "Noeckler,A"]
[Black "Seyb,A"]
[Result "0-1"]
[WhiteElo "1975"]
[BlackElo "2313"]

1.c4 c6 2.Nc3 d5 3.d4 Nf6 4.Nf3 a6 5.cxd5 cxd5 6.Bf4 Nc6 7.e3 Bg4 8.Be2 e6
9.Ne5 Nxe5 10.Bxe5 Bxe2 11.Qxe2 Nd7 12.Bf4 Bb4 13.O-O Rc8 14.e4 O-O 15.exd5 Bxc3
16.bxc3 exd5 17.Rab1 Re8 18.Qf3 Nb6 19.a4 Nxa4 20.Rxb7 Qf6 21.Qg4 h5 22.Qd7 Nxc3
23.Be5 Qe6 24.Ra1 Ne2+ 25.Kf1 Nxd4 26.Qxe6 Nxe6 27.f4 f6 28.Bd6 Rc6 29.Bb8 Nc5  0-1

[Event "11th Kesarovski-Stanchev Mem"]
[Site "Sunny Beach BUL"]
[Date "2012.09.06"]
[Round "6.20"]
[White "Golcman,E"]
[Black "Galicek,S"]
[Result "1-0"]
[WhiteElo "2329"]
[BlackElo "2164"]

1.c4 c6 2.Nf3 d5 3.Qc2 Nf6 4.d4 e6 5.g3 dxc4 6.Qxc4 Nbd7 7.Bg2 c5 8.Nc3 Be7
9.O-O O-O 10.dxc5 Bxc5 11.Bf4 Qe7 12.Rac1 Nb6 13.Qb3 Nfd5 14.Bg5 f6 15.Ne4 Nd7
16.Nxc5 Nxc5 17.Qa3 b6 18.Bd2 Bb7 19.Nd4 Qd7 20.b4 Na6 21.e4 Ndc7 22.Be3 e5
23.Nf5 Rfd8 24.Rfd1 g6 25.Qb3+ Qe6 26.Qxe6+ Nxe6 27.Ne7+ Kf7 28.Nd5 Rac8
29.f4 exf4 30.gxf4 Rxc1 31.Rxc1 f5 32.Nxb6 axb6 33.exf5 Nd4 34.Bxb7 Ne2+
35.Kf2 Nxc1 36.Bxa6 Rd1 37.Bxb6 Kf6 38.fxg6 hxg6 39.a4 Rd2+ 40.Ke3 Rxh2 41.a5 Nb3
42.Bb7 Nd2 43.Bd4+ Ke6 44.a6  1-0

[Event "40th Olympiad Women"]
[Site "Istanbul TUR"]
[Date "2012.09.07"]
[Round "10.25"]
[White "Durmaz,A"]
[Black "Hernandez,Z"]
[Result "1-0"]
[WhiteElo "1801"]
[BlackElo "1990"]

1.c4 c6 2.Nf3 d5 3.b3 Bg4 4.Bb2 Nd7 5.g3 Bxf3 6.exf3 Ngf6 7.Bg2 e6 8.O-O Be7
9.f4 O-O 10.d3 c5 11.Nc3 d4 12.Ne4 Rb8 13.Qe2 Qc7 14.b4 b6 15.b5 Rfe8 16.h3 Bf8
17.Qc2 g6 18.Rfe1 Bg7 19.Bc1 Rbd8 20.Bd2 Nxe4 21.Rxe4 Bf8 22.Rae1 Bd6 23.R4e2 Re7
24.Qd1 Rde8 25.Bc6 Rc8 26.Be4 Rce8 27.h4 Nf6 28.Bc6 Rc8 29.Bf3 h5 30.a4 Kg7
31.a5 Rh8 32.axb6 axb6 33.Qc2 Qb8 34.Ra1 Ra7 35.Ree1 Re8 36.Ra6 Ree7 37.Rea1 Ne8
38.Qa4 Rxa6 39.bxa6 Ra7 40.Bb7 Kf8 41.Qb3 Bc7 42.Kg2 Nd6 43.Bc6 Qc8 44.Qa4 Ke7
45.Kh2 Bd8 46.f5 Nxf5 47.Bf4 Nd6 48.Bxd6+ Kxd6 49.Bb7 Rxb7 50.axb7 Qxb7 51.Qa8 Qxa8
52.Rxa8 Bc7 53.f3 e5 54.Kg2 Ke6 55.Rc8 Kd7 56.Rg8 Bd8 57.Kf2 Ke7 58.Ke2 Kd7
59.Kd2 Ke7 60.Kc2 Kd7 61.Kb3 Ke7 62.g4 Kd7 63.g5 Bc7 64.Ka4 Bd8 65.Kb5 Bc7
66.Ra8 Bd8 67.Rxd8+ Kxd8 68.Kxb6 f6 69.gxf6 g5 70.hxg5 h4 71.g6 Ke8 72.g7 Kf7
73.Kc6 h3 74.Kd6 h2 75.g8=Q+ Kxg8 76.Ke7 h1=Q 77.f7+ Kh7 78.f8=Q Qh4+ 79.Qf6 Qg3
80.Qf5+ Kh6 81.Ke6 Qh2 82.Qg4 Kh7 83.Kf7 Qh6 84.Qg8+  1-0

[Event "40th Olympiad Open"]
[Site "Istanbul TUR"]
[Date "2012.09.07"]
[Round "10.63"]
[White "Lee Sanghoon"]
[Black "Punongbayan,Hexilon Dela Cruz"]
[Result "1-0"]
[WhiteElo "2126"]
[BlackElo "2091"]

1.c4 c6 2.g3 d5 3.Nf3 Nf6 4.Bg2 g6 5.O-O Bg7 6.b3 O-O 7.Bb2 Nbd7 8.d3 Re8
9.Nbd2 e5 10.cxd5 cxd5 11.Qc2 b6 12.Rac1 Qe7 13.Qc6 Rb8 14.Qa4 Nc5 15.Qa3 e4
16.dxe4 dxe4 17.Ne5 Bb7 18.Ndc4 Ba8 19.b4 Ncd7 20.Nxd7 Nxd7 21.Bxg7 Kxg7
22.Qxa7 b5 23.Qd4+ Kg8 24.Nd6 Qe5 25.Rfd1 Re7 26.Qxe5 Nxe5 27.Nxe4 Nc4 28.Nc3 Bxg2
29.Kxg2 Re5 30.Rd5 Rxd5 31.Nxd5 Nd6 32.Rc6 Nf5 33.e4  1-0

[Event "9th LGA Premium Cup"]
[Site "Nuernberg GER"]
[Date "2012.09.07"]
[Round "2.23"]
[White "Zimmermann,U"]
[Black "Bluebaum,M"]
[Result "1/2-1/2"]
[WhiteElo "2219"]
[BlackElo "2433"]

1.c4 c6 2.Nf3 d5 3.d4 Nf6 4.Nc3 dxc4 5.a4 Bf5 6.Ne5 Nbd7 7.Nxc4 Qc7 8.g3 e5
9.dxe5 Nxe5 10.Bf4 Nfd7 11.a5 a6 12.Bg2 f6 13.O-O Rd8 14.Qc1 g5 15.Bxe5 Nxe5
16.Ne3 Be6 17.Ne4 Be7 18.Nc5 Bc8 19.b4 O-O 20.Qc2 Rd4 21.Rab1 Kh8 22.Rb2 Rfd8
23.Rc1 Qd6 24.Ne4 Qe6 25.Nc5 Qf7 26.Be4 Qh5 27.Bf5 Bxf5 28.Qxf5 Rb8 29.Rbc2 Qg6
30.Qe6 Qf7 31.Qf5 Qg6 32.Qe6 Qf7  1/2-1/2

[Event "9th LGA Premium Cup"]
[Site "Nuernberg GER"]
[Date "2012.09.07"]
[Round "4.9"]
[White "Ikonnikov,Vy"]
[Black "Bluebaum,M"]
[Result "1-0"]
[WhiteElo "2525"]
[BlackElo "2433"]

1.c4 c6 2.Nf3 d5 3.e3 Nf6 4.Nc3 Bg4 5.Qb3 Qb6 6.d4 e6 7.Nh4 Bh5 8.h3 g5 9.Nf3 h6
10.Bd3 Bxf3 11.gxf3 Nbd7 12.Bd2 Be7 13.O-O-O O-O-O 14.Qa4 dxc4 15.Bxc4 Qb4
16.Qxb4 Bxb4 17.h4 Nd5 18.hxg5 hxg5 19.Rdg1 Be7 20.Ne4 Rh4 21.Rxh4 gxh4 22.Bf1 N7f6
23.Rg7 Rg8 24.Rxg8+ Nxg8 25.Bh3 Kd7 26.Kd1 b6 27.f4 f5 28.Nc3 Ngf6 29.Ke2 Bd6
30.Kf1 Ke8 31.a3 Nxc3 32.Bxc3 Ne4 33.Be1 c5 34.dxc5 Bxc5 35.Bg2 Kf7 36.Bxe4 fxe4
37.Kg2 Kg6 38.Kh3 Kh5 39.b4 Be7 40.a4 e5 41.fxe5 Bd8 42.b5 Be7 43.a5 Bd8
44.axb6 axb6 45.Bb4 Kg5 46.Bf8 Kf5 47.Bg7 Be7 48.Bf6 Bb4 49.Kxh4 Be1 50.Kg3 Ba5
51.Kh3 Be1 52.Bd8 Bxf2 53.Bxb6 Kxe5 54.Bd4+  1-0

[Event "9th LGA Premium Cup"]
[Site "Nuernberg GER"]
[Date "2012.09.07"]
[Round "4.48"]
[White "Afek,Y"]
[Black "Troyke,D"]
[Result "1-0"]
[WhiteElo "2301"]
[BlackElo "2100"]

1.c4 c6 2.e4 g6 3.d4 Bg7 4.Nc3 d6 5.Be3 Nf6 6.f3 O-O 7.Qd2 Re8 8.h4 a6 9.h5 e5
10.d5 cxd5 11.cxd5 Nbd7 12.g4 b5 13.Nge2 Nb6 14.Ng3 b4 15.Nd1 a5 16.Qh2 Kf8
17.hxg6 hxg6 18.Bh6 Ng8 19.Bxg7+ Kxg7 20.Ne3 Qg5 21.Kf2 Bd7 22.Qh8+ Kf8 23.Be2 Rec8
24.Qh4 Qxh4 25.Rxh4 Rc5 26.Rhh1 Rac8 27.Ngf1 Na4 28.Nd2 Nxb2 29.Rhb1 Na4
30.Nb3 Rc3 31.Nxa5 Nc5 32.Rxb4 f5 33.gxf5 gxf5 34.exf5 Ne7 35.f6 Ng6 36.Nb7 Nf4
37.Nxc5 R8xc5 38.Rb7 Nh3+ 39.Kg3 Bc8 40.Rb3 Nf4 41.Bf1 Nh5+ 42.Kf2 Nxf6 43.Rxc3 Rxc3
44.a4 Bb7 45.a5 Nxd5 46.a6 Bc6 47.Nxd5 Bxd5 48.a7 Ba8 49.Rb1 Rxf3+ 50.Ke2 Ke7
51.Bg2 Rf8 52.Bh3 d5 53.Rb8 d4 54.Bc8 e4 55.Bb7 d3+ 56.Ke1  1-0

[Event "9th LGA Premium Cup"]
[Site "Nuernberg GER"]
[Date "2012.09.08"]
[Round "5.81"]
[White "Noeckler,A"]
[Black "Dreiseitel,W"]
[Result "1-0"]
[WhiteElo "1975"]
[BlackElo "1584"]

1.c4 c6 2.Nc3 Nf6 3.e4 d6 4.d4 Bg4 5.Qd3 Nbd7 6.h3 Bh5 7.f4 e6 8.g4 Nxg4
9.hxg4 Bxg4 10.Nf3 Be7 11.Be2 f5 12.e5 Qc7 13.exd6 Bxd6 14.Ne5 Bxe5 15.fxe5 O-O-O
16.Bg5 Nxe5 17.Qe3 Bxe2 18.Bxd8 Qxd8 19.Nxe2 Qa5+ 20.Nc3 Ng4 21.Qxe6+ Kb8
22.Rf1 Nf6 23.O-O-O Re8 24.Qxf5 Qa6 25.Rfe1 Rxe1 26.Rxe1 Qxc4 27.Qe5+ Kc8
28.Qe6+ Qxe6 29.Rxe6 Kd7 30.Re5 Ng4 31.Rg5 Nf6 32.Rxg7+ Ke6 33.Rxb7 h5 34.Ne2 h4
35.Ng1 Kd5 36.Rxa7 Kxd4 37.Ra3 Ke4 38.Rh3 Nd5 39.Rxh4+  1-0

[Event "40th Olympiad Women"]
[Site "Istanbul TUR"]
[Date "2012.09.09"]
[Round "11.15"]
[White "Rogule,L"]
[Black "Rozic,V"]
[Result "1/2-1/2"]
[WhiteElo "2315"]
[BlackElo "2260"]

1.c4 c6 2.Nc3 d5 3.d4 Nf6 4.e3 a6 5.Nf3 e6 6.Bd3 dxc4 7.Bxc4 b5 8.Bd3 Bb7
9.O-O c5 10.dxc5 Bxc5 11.e4 Nbd7 12.Qe2 Qb8 13.Bg5 O-O 14.Rad1 Ne5 15.Bxf6 gxf6
16.Nxe5 Qxe5 17.Kh1 Qf4 18.Qh5 Qg5 19.Qh3 Kh8 20.f4 Qg7 21.Rf3 Rg8 22.Bc2 Bc6
23.Nd5 f5 24.exf5 Bxd5 25.Rxd5 exd5 26.f6 Qxg2+ 27.Qxg2 Rxg2 28.Kxg2 Bd4
29.Rh3 Bxf6 30.Rxh7+ Kg8 31.Rh5 Rd8 32.b3 d4 33.Bd3 Re8 34.Rh6 Kg7 35.Rh7+ Kf8
36.Rh6 Kg7 37.Rh7+ Kf8 38.Rh6 Kg7  1/2-1/2

[Event "40th Olympiad Open"]
[Site "Istanbul TUR"]
[Date "2012.09.09"]
[Round "11.25"]
[White "Leon Hoyos,M"]
[Black "Ghaem Maghami,E"]
[Result "1-0"]
[WhiteElo "2579"]
[BlackElo "2579"]

1.c4 c6 2.Nf3 d5 3.g3 Bg4 4.Bg2 e6 5.cxd5 Bxf3 6.Bxf3 cxd5 7.O-O Nc6 8.Bg2 Nf6
9.a3 Bd6 10.b4 O-O 11.Bb2 Rc8 12.d3 a6 13.Nc3 Be5 14.Rc1 Qe7 15.Ba1 Rc7 16.e3 Rfc8
17.d4 Bd6 18.e4 dxe4 19.Nxe4 Nxe4 20.Bxe4 a5 21.b5 Nb8 22.Rxc7 Qxc7 23.Qf3 b6
24.Bb2 Qe7 25.Re1 Qg5 26.d5 e5 27.h4 Qd2 28.Re2 Qd1+ 29.Kh2 Rc7 30.Bf5 Nd7
31.Bxd7 Rxd7 32.Bxe5 Bf8 33.d6 Rd8 34.Bf4 Re8 35.Re3 Qxf3 36.Rxf3 Rd8 37.Rc3 g5
38.hxg5 Bxd6 39.Rd3 Be7 40.Rxd8+ Bxd8 41.a4 Kg7 42.Kh3 Kg6 43.Kg4 f5+ 44.gxf6 Bxf6
45.Be3 Bd8 46.Kf4 Kf6 47.g4 Ke6 48.Ke4 Bc7 49.f4 Bd8 50.f5+ Kd6 51.g5  1-0

[Event "40th Olympiad Women"]
[Site "Istanbul TUR"]
[Date "2012.09.09"]
[Round "11.26"]
[White "Vahtra,T"]
[Black "Camilia,Bt. Johari"]
[Result "1/2-1/2"]
[WhiteElo "2014"]
[BlackElo "1778"]

1.c4 c6 2.Nf3 d5 3.e3 Nf6 4.Nc3 e6 5.b3 Bd6 6.Bb2 Nbd7 7.Qc2 O-O 8.Rg1 e5
9.cxd5 Nxd5 10.a3 f5 11.h4 Qe7 12.h5 N7f6 13.h6 g6 14.Rh1 Bd7 15.Be2 Rae8
16.Ng5 Nxc3 17.dxc3 Nd5 18.Nf3 a6 19.c4 Nf6 20.c5 Bc7 21.O-O-O Ne4 22.Bc4+ Kh8
23.b4 Rd8 24.Nh4 Be6 25.Bxe6 Qxe6 26.f4 Kg8 27.g3 Rd5 28.Nf3 exf4 29.gxf4 Rfd8
30.Bd4 Nf6 31.Ng5 Qe7 32.Qb2 Ng4 33.Rh3 R8d7 34.Rd2 a5 35.Qc3 axb4 36.axb4 Rd8
37.Qb3 Nf6 38.Nf3 Ne4 39.Ra2 Nf6 40.Ra7 Bb8  1/2-1/2